Mountain research and development (Registro nro. 16989)

Detalles MARC
000 -CABECERA
Campo de control 00966cas a2200229 a 4500
005 - FECHA Y HORA DE LA ULTIMA TRANSACCION
Campo de control 20180620102506.0
008 - ELEMENTOS DE LONGITUD FIJA—INFORMACION GENERAL
Campo de control 810428c19819999sz qx p i0 a0eng c
022 ## - ISSN
ISSN 0276-4741
040 ## - FUENTE DE CATALOGACIÓN
Agencia catalogadora original NSD
Agencia transcriptora NSD
Agencia Modificadora DLC
-- NST
-- DLC
-- NST
-- AIP
-- NST
-- HUL
-- NST
-- AGL
-- NST
-- BSS
-- SYS
-- OCL
-- OCLCQ
-- NLM
-- OCLCQ
-- MYG
-- EYM
-- HUL
-- WAU
-- OCLCQ
-- DLC
-- OCLCA
-- OCLCF
-- CO-BoIAVH
041 0# - IDIOMA
Código de idioma para texto/pista de sonido o título separado Inglés
Código de idioma del sumario o resumen/título o subtítulo sobreimpreso fre
-- ger
044 ## - PAÍS DE PUBLICACIÓN
País de publicación Suiza
090 ## - CLASIFICACIÓN LOCAL
Colección SE
245 00 - MENCION DE TITULO
Título Mountain research and development
260 ## - PUBLICACION, DISTRIBUCION, ETC. (PIE DE IMPRENTA)
Lugar de publicación, distribución, etc. Boulder (Colorado, EE.UU.) :
Nombre del editor, distribuidor, etc. International Mountain Society,
Fecha de publicación, distribución, etc. 1981-
260 3# - PUBLICACION, DISTRIBUCION, ETC. (PIE DE IMPRENTA)
Lugar de publicación, distribución, etc. Berna (Suiza) :
Nombre del editor, distribuidor, etc. International Mountain Society,
Fecha de publicación, distribución, etc. .
300 ## - DESCRIPCION FISICA
Otros detalles físicos ilustraciones ;
Dimensiones 28 cm.
650 26 - ASIENTO SECUNDARIO DE MATERIA - TERMINO TEMATICO
Término temático o nombre geográfico como elemento de entrada Montañas
Subdivisión de forma Publicaciones periódicas
9 (RLIN) 91601
710 2# - ASIENTO SECUNDARIO - NOMBRE CORPORATIVO
Nombre corporativo o de jurisdicción como elemento de entrada International Mountain Society
9 (RLIN) 91598
710 2# - ASIENTO SECUNDARIO - NOMBRE CORPORATIVO
Nombre corporativo o de jurisdicción como elemento de entrada United Nations University.
9 (RLIN) 91602
776 08 - ADDITIONAL PHYSICAL FORM ENTRY
Display text Also online:
Title Mountain research and development (Online)
International Standard Serial Number 1994-7151
Record control number (DLC) 2007235404
-- (OCoLC)46706660
-- (ICU)10448574
942 ## - ELEMENTOS ADICIONALES (KOHA)
Sistema de clasificación Local
Tipo de ítem Periodica o revista
Existencias
Withdrawn status Lost status Sistema de Clasificación Damaged status No para préstamo Colección Fecha publicación (Año) Volumen revista Número revista Inventariado Ubicación Permanente Ubicación actual Fecha de adquisición Fuente de adquisición Datos de publicación Seriada Total Checkouts Número topográfico Inventario / Código de Barras Date last seen Ejemplar Price effective from Forma de adquisición Tipo de material
    Local     Hemeroteca 1998 18 1 Inventariado 2017 Bogotá Bogotá 20/03/2001 EBSCO Vol 18, Nro 1 (01/02/1998)   SE 007866 25/03/2015 Ej. 1 25/03/2015 Compra Periodica o revista
    Local     Hemeroteca 1998 18 2 Inventariado 2017 Bogotá Bogotá 20/03/2001 EBSCO Vol 18, Nro 2 (01/05/1998)   SE 007867 25/03/2015 Ej. 1 25/03/2015 Compra Periodica o revista
    Local     Hemeroteca 1998 18 4 Inventariado 2017 Bogotá Bogotá 20/03/2001 EBSCO Vol 18, Nro 4 (01/11/1998)   SE 007868 25/03/2015 Ej. 1 25/03/2015 Compra Periodica o revista
    Local     Hemeroteca 1998 18 3 Inventariado 2017 Bogotá Bogotá 28/06/2004 CID Humboldt Vol 18, Nro 3 (01/08/1998)   SE 016104 25/03/2015 Ej. 1 25/03/2015 Compra Periodica o revista
    Local     Hemeroteca 2005 25 3 Inventariado 2017 Bogotá Bogotá 06/12/2005 Guerrero, Alicia Vol 25, Nro 3 (01/08/2005)   SE 022522 25/03/2015 Ej. 1 25/03/2015 Donación Periodica o revista
    Local     Hemeroteca 2006 26 3 Inventariado 2017 Bogotá Bogotá 24/11/2006 CID Humboldt Vol 26, Nro 3 (01/08/2006)   SE 023784 25/03/2015 Ej. 1 25/03/2015 Donación Periodica o revista